[Event "Women World Team Championship 2015"]
[Site "Chengdu CHN"]
[Date "2015.04.22"]
[Round "4"]
[White "Koneru, Humpy"]
[Black "Gunina, Valentina"]
[Result "0-1"]
[WhiteElo "2581"]
[BlackElo "2528"]
[PlyCount "84"]
[EventDate "2015.04.19"]
[WhiteTeam "INDIA"]
[BlackTeam "RUSSIA"]

1. d4 d5 2. c4 c6 3. Nc3 dxc4 4. e4 b5 5. a4 b4 6. Na2 e6 7. Bxc4 Nf6 8. e5 Nd5
9. Nf3 Be7 10. Bd2 a5 11. Nc1 Nd7 12. Nb3 Bb7 13. O-O O-O 14. Bd3 Ba6 15. Bxa6
Rxa6 16. Qe2 Ra7 17. Rfc1 Qb6 18. Bg5 Rd8 19. Rc2 Rc7 20. Rac1 h6 21. Bxe7 Nxe7
22. Nfd2 Qa7 23. Nc4 Nf5 24. Nd6 Qa8 25. Qf3 Nb6 26. Nxf5 exf5 27. Qxf5 Rd5 28.
Rc5 Rxc5 29. Rxc5 Ra7 30. Qc2 Nxa4 31. Rxc6 Nc3 32. Rc4 a4 33. Na1 Rb7 34. h3
Rb8 35. bxc3 b3 36. Qb1 b2 37. Nc2 a3 38. Rb4 Rxb4 39. cxb4 Qa4 40. b5 Qb3 41.
Nxa3 Qxa3 42. b6 Qa1 0-1

[Event "Women World Team Championship 2015"]
[Site "Chengdu CHN"]
[Date "2015.04.22"]
[Round "4"]
[White "Kosteniuk, Alexandra"]
[Black "Harika, Dronavalli"]
[Result "0-1"]
[WhiteElo "2529"]
[BlackElo "2492"]
[PlyCount "120"]
[EventDate "2015.04.19"]
[WhiteTeam "RUSSIA"]
[BlackTeam "INDIA"]

1. e4 e6 2. d4 d5 3. Nd2 Nf6 4. e5 Nfd7 5. Bd3 c5 6. c3 Nc6 7. Ne2 cxd4 8. cxd4
f6 9. exf6 Nxf6 10. Nf3 Bd6 11. O-O O-O 12. Bf4 Bxf4 13. Nxf4 Ne4 14. Qc1 Ng5
15. Nxg5 Qxg5 16. Ne2 Qf6 17. Qd2 Bd7 18. Bb5 Rac8 19. Bxc6 Rxc6 20. Rac1 Rxc1
21. Nxc1 Rc8 22. Qb4 b6 23. Nd3 Rc4 24. Qd6 Bb5 25. Ne5 Rxd4 26. Rc1 h6 27. h3
Kh7 28. Nf3 Qf4 29. Qxf4 Rxf4 30. Rc7 d4 31. Rxa7 Bc6 32. Nd2 Rf5 33. f3 Rc5
34. Nb3 d3 35. Kf2 Re5 36. Rc7 Re2+ 37. Kg3 Bb5 38. Rc8 Rxb2 39. Rd8 Bc4 40.
Rd4 b5 41. Nc5 Rxa2 42. h4 Re2 43. Ne4 e5 44. Rd7 b4 45. Nf6+ Kg6 46. Ne8 d2
47. h5+ Kf5 48. Rd6 e4 49. Nxg7+ Ke5 50. Ne8 exf3 51. gxf3 Bb3 52. f4+ Kf5 53.
Kf3 Rxe8 54. Rxd2 Re4 55. Rd6 Rxf4+ 56. Kg3 Be6 57. Rb6 Rd4 58. Rb5+ Kf6 59.
Rb6 b3 60. Rb5 Rd5 0-1

[Event "Women World Team Championship 2015"]
[Site "Chengdu CHN"]
[Date "2015.04.22"]
[Round "4"]
[White "Abdumalik, Zhansaya"]
[Black "Khotenashvili, Bela"]
[Result "0-1"]
[WhiteElo "2379"]
[BlackElo "2513"]
[PlyCount "90"]
[EventDate "2015.04.19"]
[WhiteTeam "KAZAKHSTAN"]
[BlackTeam "GEORGIA"]

1. e4 e5 2. Nf3 Nc6 3. Bb5 a6 4. Ba4 Nf6 5. O-O Be7 6. Re1 b5 7. Bb3 O-O 8. a4
b4 9. d4 d6 10. dxe5 dxe5 11. Nbd2 Bc5 12. a5 Be6 13. Qe2 Qe7 14. Bxe6 Qxe6 15.
Nb3 Bd4 16. Ng5 Qd7 17. Qc4 h6 18. Nf3 Qe6 19. Qxe6 fxe6 20. h3 Rfb8 21. Nfd2
Rb5 22. Nc4 Ne8 23. g3 Nd6 24. Ncd2 Ne7 25. Nxd4 exd4 26. f4 Nc6 27. Nb3 Nc4
28. Rd1 Rd8 29. Rd3 N4xa5 30. Nxa5 Rxa5 31. Rxa5 Nxa5 32. Kf2 c5 33. e5 Nc6 34.
Kf3 c4 35. Rd1 a5 36. Ke4 a4 37. g4 Ra8 38. f5 Kf7 39. c3 a3 40. bxa3 bxc3 41.
h4 d3 42. Be3 c2 43. Rg1 Ra5 44. Bf4 Rxe5+ 45. Bxe5 d2 0-1

[Event "Women World Team Championship 2015"]
[Site "Chengdu CHN"]
[Date "2015.04.22"]
[Round "4"]
[White "Muzychuk, Anna"]
[Black "Abrahamyan, Tatev"]
[Result "1-0"]
[WhiteElo "2552"]
[BlackElo "2322"]
[PlyCount "61"]
[EventDate "2015.04.19"]
[WhiteTeam "UKRAINE"]
[BlackTeam "UNITED STATES OF AMERICA"]

1. Nf3 Nf6 2. c4 g6 3. g3 Bg7 4. Bg2 O-O 5. Nc3 d6 6. d4 Nc6 7. O-O Rb8 8. Bf4
a6 9. Rc1 b5 10. Nd5 Bb7 11. Qd2 e6 12. Nxf6+ Bxf6 13. Rfd1 Ne7 14. g4 Bg7 15.
b3 b4 16. Bh6 a5 17. Ne1 Bxg2 18. Nxg2 Qc8 19. Bxg7 Kxg7 20. f4 Qb7 21. d5 f5
22. h3 Qa7+ 23. Kh2 exd5 24. cxd5 Rfe8 25. Rc4 Rb5 26. e4 Kf7 27. Re1 Qb7 28.
exf5 gxf5 29. Qe2 Rxd5 30. Qe6+ Kg7 31. Qd7 1-0

[Event "Women World Team Championship 2015"]
[Site "Chengdu CHN"]
[Date "2015.04.22"]
[Round "4"]
[White "Nemcova, Katerina"]
[Black "Muzychuk, Mariya"]
[Result "1/2-1/2"]
[WhiteElo "2279"]
[BlackElo "2526"]
[PlyCount "153"]
[EventDate "2015.04.19"]
[WhiteTeam "UNITED STATES OF AMERICA"]
[BlackTeam "UKRAINE"]

1. e4 c5 2. Nf3 Nc6 3. d4 cxd4 4. Nxd4 Nf6 5. Nc3 e5 6. Ndb5 d6 7. Bg5 a6 8.
Na3 b5 9. Nd5 Be7 10. Bxf6 Bxf6 11. c4 b4 12. Nc2 a5 13. g3 O-O 14. Bg2 Bg5 15.
O-O Be6 16. Qd3 g6 17. Rad1 Rb8 18. b3 Bh6 19. Kh1 Bg7 20. Nde3 Qb6 21. f4 exf4
22. gxf4 Rbd8 23. f5 Bc8 24. Nd5 Qa7 25. f6 Bh6 26. Nd4 Nxd4 27. Ne7+ Kh8 28.
Nxc8 Rxc8 29. Qxd4 Qxd4 30. Rxd4 Rfd8 31. Rd5 Be3 32. Rxa5 Bc5 33. Rb5 Rc7 34.
Rd1 Re8 35. Bf3 h5 36. Rd5 Ra7 37. Rd2 Re6 38. Kg2 Kh7 39. h4 Kh6 40. Re2 Rxf6
41. e5 Re6 42. exd6 Rxe2+ 43. Bxe2 Bxd6 44. c5 Rxa2 45. Kf3 Be7 46. c6 Ra7 47.
Bc4 Kg7 48. Ke4 Bxh4 49. Rxb4 Rc7 50. Bd5 Bg3 51. Ra4 h4 52. b4 f5+ 53. Kd3 Kf6
54. b5 Ke5 55. Bh1 Bf2 56. Ra2 Bc5 57. Kc4 Bb6 58. Ra6 Be3 59. Kd3 Bc5 60. b6
Bxb6 61. Rxb6 g5 62. Ke3 Re7 63. Kf2 g4 64. Rb5+ Kf4 65. Rb4+ Ke5 66. Rb5+ Kf4
67. Rb7 Re8 68. Rb4+ Ke5 69. Rb5+ Ke6 70. Rc5 g3+ 71. Kf3 Kd6 72. Rc1 Kc7 73.
Kf4 Re2 74. Kxf5 g2 75. Bxg2 Rxg2 76. Rh1 Kxc6 77. Rxh4 1/2-1/2

[Event "Women World Team Championship 2015"]
[Site "Chengdu CHN"]
[Date "2015.04.25"]
[Round "6"]
[White "Koneru, Humpy"]
[Black "Moaataz, Ayah"]
[Result "1-0"]
[WhiteElo "2581"]
[BlackElo "2022"]
[PlyCount "129"]
[EventDate "2015.04.19"]
[WhiteTeam "INDIA"]
[BlackTeam "EGYPT"]

1. d4 d5 2. c4 e6 3. Nc3 Nf6 4. Nf3 Be7 5. Bf4 O-O 6. e3 c5 7. dxc5 Bxc5 8. Qc2
Qa5 9. Nd2 Bb4 10. Be2 Bxc3 11. bxc3 Re8 12. O-O Nbd7 13. Rab1 e5 14. Bg3 Qc7
15. cxd5 Nxd5 16. c4 N5b6 17. Nb3 Nc5 18. Nxc5 Qxc5 19. Bd3 h6 20. Rb5 Qc7 21.
Qc3 f6 22. c5 Be6 23. Qb2 Nd5 24. e4 Nf4 25. Bxf4 exf4 26. Rxb7 Qxc5 27. Rc1
Qg5 28. Rcc7 f3 29. Rxg7+ Qxg7 30. Rxg7+ Kxg7 31. Qb7+ Kf8 32. e5 fxe5 33.
Qxf3+ Ke7 34. Qb7+ Kf6 35. Qh7 Rh8 36. Qg6+ Ke7 37. Qe4 Kf6 38. Qf3+ Ke7 39.
Qb7+ Kf6 40. h4 Rad8 41. Qf3+ Ke7 42. Qg3 Kf6 43. Qg6+ Ke7 44. Qg7+ Kd6 45.
Qxa7 Ra8 46. Qb6+ Ke7 47. Qb7+ Kf6 48. Qf3+ Ke7 49. Qe4 Rxa2 50. Qxe5 Rc8 51.
Qg7+ Kd6 52. Qxh6 Ra1+ 53. Kh2 Rcc1 54. Bf5 Rh1+ 55. Kg3 Rae1 56. h5 Ke7 57.
Qg7+ Kd6 58. Qf8+ Kd7 59. Bg6 Bd5 60. h6 Rhg1 61. f3 Re2 62. Bf5+ Kc6 63. Qc8+
Kb6 64. Qd8+ Kc6 65. Qd7+ 1-0

[Event "Women World Team Championship 2015"]
[Site "Chengdu CHN"]
[Date "2015.04.25"]
[Round "6"]
[White "Socko, Monika"]
[Black "Gunina, Valentina"]
[Result "0-1"]
[WhiteElo "2463"]
[BlackElo "2528"]
[PlyCount "70"]
[EventDate "2015.04.19"]
[WhiteTeam "POLAND"]
[BlackTeam "RUSSIA"]

1. e4 c6 2. d4 d5 3. e5 Bf5 4. Nd2 e6 5. Nb3 Nd7 6. Nf3 a6 7. Be2 c5 8. dxc5
Bxc5 9. Nxc5 Nxc5 10. Nd4 Ne7 11. O-O O-O 12. Be3 Rc8 13. c3 Qd7 14. f4 Bg6 15.
Qd2 Ne4 16. Qe1 f6 17. exf6 Rxf6 18. Rd1 Rcf8 19. c4 Qa4 20. g4 Re8 21. Nxe6
Rxe6 22. f5 Re5 23. Bd4 Nxf5 24. gxf5 Rxf5 25. Rxf5 Bxf5 26. Qf1 Qd7 27. cxd5
Ng5 28. Rd2 Nh3+ 29. Kg2 Be4+ 30. Kg3 Qd6+ 31. Kxh3 Qh6+ 32. Kg4 Qxd2 33. Bc3
Qe3 34. Bc4 Bf5+ 35. Kxf5 g6+ 0-1

[Event "Women World Team Championship 2015"]
[Site "Chengdu CHN"]
[Date "2015.04.25"]
[Round "6"]
[White "Kosteniuk, Alexandra"]
[Black "Zawadzka, Jolanta"]
[Result "1-0"]
[WhiteElo "2529"]
[BlackElo "2422"]
[PlyCount "81"]
[EventDate "2015.04.19"]
[WhiteTeam "RUSSIA"]
[BlackTeam "POLAND"]

1. e4 e5 2. Nf3 Nc6 3. Bb5 a6 4. Ba4 Nf6 5. O-O b5 6. Bb3 Bb7 7. d3 Be7 8. Nc3
O-O 9. a3 d6 10. Bg5 Qd7 11. Ba2 h6 12. Bxf6 Bxf6 13. Nd5 Bd8 14. c4 Ne7 15.
Ne3 Kh8 16. d4 exd4 17. Qxd4 Ng6 18. Rad1 Nf4 19. Rd2 Qe6 20. e5 Nh3+ 21. Kh1
Bxf3 22. gxf3 Ng5 23. Qg4 Qxe5 24. Bb1 Ne6 25. Rd5 Qxb2 26. Qe4 g6 27. f4 Bf6
28. f5 Ng5 29. Qg2 Qe2 30. Ng4 Bb2 31. Nxh6 Qf3 32. fxg6 Qxg2+ 33. Kxg2 Ne6 34.
Nxf7+ Kg7 35. f4 bxc4 36. Rh5 Kf6 37. Rh7 Rab8 38. Nh6 Ng7 39. Re1 Nf5 40. Bxf5
Be5 41. fxe5+ 1-0

[Event "Women World Team Championship 2015"]
[Site "Chengdu CHN"]
[Date "2015.04.25"]
[Round "6"]
[White "Abdumalik, Zhansaya"]
[Black "Ju, Wenjun"]
[Result "1/2-1/2"]
[WhiteElo "2379"]
[BlackElo "2557"]
[PlyCount "55"]
[EventDate "2015.04.19"]
[WhiteTeam "KAZAKHSTAN"]
[BlackTeam "CHINA"]

1. e4 c5 2. Nf3 e6 3. d4 cxd4 4. Nxd4 Nc6 5. Nc3 Qc7 6. Be3 a6 7. Qf3 Bd6 8.
O-O-O Be5 9. Nxc6 bxc6 10. Bd4 Bxd4 11. Rxd4 Nf6 12. Qg3 Qxg3 13. hxg3 d5 14.
exd5 cxd5 15. f3 e5 16. Rd1 Bb7 17. g4 d4 18. Na4 Nd7 19. b3 Bc6 20. Nb2 Ke7
21. Nc4 h6 22. Bd3 f6 23. Rhe1 Nc5 24. Bf5 Kf7 25. Nd6+ Ke7 26. Nc4 Kf7 27.
Nd6+ Ke7 28. Nc4 1/2-1/2

[Event "Women World Team Championship 2015"]
[Site "Chengdu CHN"]
[Date "2015.04.25"]
[Round "6"]
[White "Muzychuk, Mariya"]
[Black "Danielian, Elina"]
[Result "1/2-1/2"]
[WhiteElo "2526"]
[BlackElo "2488"]
[PlyCount "107"]
[EventDate "2015.04.19"]
[WhiteTeam "UKRAINE"]
[BlackTeam "ARMENIA"]

1. e4 c6 2. d4 d5 3. Nc3 dxe4 4. Nxe4 Bf5 5. Ng3 Bg6 6. h4 h6 7. Nf3 Nd7 8. h5
Bh7 9. Bd3 Bxd3 10. Qxd3 e6 11. Bd2 Qc7 12. O-O-O Ngf6 13. Ne4 O-O-O 14. g3
Nxe4 15. Qxe4 Nf6 16. Qe2 Bd6 17. Kb1 Rhe8 18. c4 c5 19. Rc1 e5 20. d5 Qd7 21.
Nh4 e4 22. Bc3 Qg4 23. Rhe1 Qxe2 24. Rxe2 Be5 25. g4 Nxg4 26. Rg1 Nf6 27. Rxg7
Bxc3 28. bxc3 Rd7 29. Nf5 Nxh5 30. Rxf7 Rxf7 31. Nd6+ Kd7 32. Nxf7 Nf4 33. Re3
b5 34. f3 bxc4 35. Rxe4 Nxd5 36. Rxc4 Kc6 37. Kb2 h5 38. Rh4 Re2+ 39. Kb3 Re3
40. Rxh5 Nxc3 41. Kc4 Na4 42. Rh6+ Kc7 43. Kb5 Nc3+ 44. Kxc5 Nxa2 45. Ra6 Nc1
46. Rxa7+ Kb8 47. Rd7 Rxf3 48. Nd6 Ne2 49. Kb6 Rb3+ 50. Nb5 Kc8 51. Rd5 Nc3 52.
Rc5+ Kd8 53. Rxc3 Rxc3 54. Nxc3 1/2-1/2

[Event "Women World Team Championship 2015"]
[Site "Chengdu CHN"]
[Date "2015.04.25"]
[Round "6"]
[White "Abrahamyan, Tatev"]
[Black "Khotenashvili, Bela"]
[Result "0-1"]
[WhiteElo "2322"]
[BlackElo "2513"]
[PlyCount "74"]
[EventDate "2015.04.19"]
[WhiteTeam "UNITED STATES OF AMERICA"]
[BlackTeam "GEORGIA"]

1. e4 e5 2. Nf3 Nc6 3. Bb5 a6 4. Ba4 Nf6 5. d3 d6 6. c3 g6 7. O-O Bg7 8. Nbd2
O-O 9. Re1 Nd7 10. Nf1 Nc5 11. Bxc6 bxc6 12. d4 Ne6 13. Ne3 exd4 14. cxd4 c5
15. d5 Nd4 16. Nxd4 Bxd4 17. Nc4 Re8 18. Bf4 Qf6 19. Qd2 Rb8 20. Bg3 Bd7 21.
Rab1 h5 22. h4 Rb4 23. Qc2 Bb5 24. b3 Bxc4 25. bxc4 Reb8 26. Rxb4 Rxb4 27. Rb1
Bb2 28. Qe2 a5 29. Kh1 Be5 30. Qc2 Bxg3 31. fxg3 Qd4 32. Rxb4 cxb4 33. Kh2 Kg7
34. Qe2 a4 35. Qc2 a3 36. Qe2 b3 37. axb3 Qb2 0-1

[Event "Women World Team Championship 2015"]
[Site "Chengdu CHN"]
[Date "2015.04.28"]
[Round "9"]
[White "Tan, Zhongyi"]
[Black "Khotenashvili, Bela"]
[Result "1/2-1/2"]
[WhiteElo "2487"]
[BlackElo "2513"]
[PlyCount "74"]
[EventDate "2015.04.19"]
[WhiteTeam "CHINA"]
[BlackTeam "GEORGIA"]

1. d4 d5 2. c4 e6 3. Nc3 Be7 4. Nf3 Nf6 5. Bf4 O-O 6. e3 Nbd7 7. cxd5 Nxd5 8.
Nxd5 exd5 9. Be2 Bb4+ 10. Nd2 Nf6 11. a3 Bd6 12. Bg5 Bf5 13. O-O c6 14. b4 a5
15. b5 a4 16. Nf3 Qe7 17. Bd3 Qe6 18. Bxf6 Qxf6 19. Qc2 Bxd3 20. Qxd3 Qg6 21.
Qxg6 hxg6 22. bxc6 bxc6 23. Rfc1 Ra6 24. Ne1 Rb8 25. Nd3 Rb3 26. Nc5 Bxc5 27.
Rxc5 Kf8 28. g4 g5 29. Rac1 Rbb6 30. Kg2 f6 31. Kg3 Ke7 32. h4 gxh4+ 33. Kxh4
g5+ 34. Kg3 Kd6 35. R1c2 Rb3 36. Ra2 Rb1 37. Kg2 Rb3 1/2-1/2

[Event "Women World Team Championship 2015"]
[Site "Chengdu CHN"]
[Date "2015.04.28"]
[Round "9"]
[White "Mkrtchian, Lilit"]
[Black "Koneru, Humpy"]
[Result "1-0"]
[WhiteElo "2443"]
[BlackElo "2581"]
[PlyCount "103"]
[EventDate "2015.04.19"]
[WhiteTeam "ARMENIA"]
[BlackTeam "INDIA"]

1. c4 e5 2. Nc3 Nf6 3. Nf3 Nc6 4. g3 d5 5. cxd5 Nxd5 6. Bg2 Nb6 7. a3 Be7 8. b4
Be6 9. Rb1 f6 10. d3 O-O 11. O-O a5 12. b5 Nd4 13. Nd2 Qc8 14. e3 Nf5 15. Qc2
Rd8 16. Re1 a4 17. Nce4 Rd7 18. Bb2 Qd8 19. Bf1 c6 20. bxc6 Rc7 21. Nc5 Bxc5
22. Qxc5 Rxc6 23. Qb4 Nd5 24. Qe4 Nd6 25. Qh4 Rc2 26. Ne4 Nxe4 27. Qxe4 Qa5 28.
Ba1 Nc3 29. Bxc3 Qxc3 30. d4 Re8 31. Bb5 Re7 32. Bd3 f5 33. Qh4 Rd7 34. Bxc2
Qxc2 35. Rbc1 Qd2 36. Rc8+ Kf7 37. Qh5+ Kf6 38. Rd1 Qb2 39. Rf8+ Rf7 40. dxe5+
Qxe5 41. Rxf7+ Bxf7 42. Qh4+ Kg6 43. Qxa4 h6 44. Qd7 b5 45. Qd6+ Qf6 46. Qxf6+
Kxf6 47. f3 Ke7 48. Kf2 Be6 49. e4 fxe4 50. fxe4 Kf6 51. Ke3 Ke5 52. Rd8 1-0

[Event "Women World Team Championship 2015"]
[Site "Chengdu CHN"]
[Date "2015.04.28"]
[Round "9"]
[White "Harika, Dronavalli"]
[Black "Galojan, Lilit"]
[Result "1-0"]
[WhiteElo "2492"]
[BlackElo "2277"]
[PlyCount "81"]
[EventDate "2015.04.19"]
[WhiteTeam "INDIA"]
[BlackTeam "ARMENIA"]

1. Nf3 Nf6 2. c4 b6 3. e3 e6 4. d4 Bb7 5. Bd3 Be7 6. O-O O-O 7. b3 d5 8. Bb2 c5
9. Nbd2 Nc6 10. Qe2 Rc8 11. Rac1 Qc7 12. Rfd1 Rfd8 13. Nf1 Qb8 14. Ng3 dxc4 15.
bxc4 cxd4 16. exd4 Re8 17. Bb1 Rcd8 18. a3 Qf4 19. Rc2 Qc7 20. Rc3 g6 21. Re3
Ba6 22. Bd3 Na5 23. Ne5 Nd7 24. d5 Nxe5 25. Bxe5 Qc8 26. d6 Bh4 27. Qg4 Bxg3
28. hxg3 f5 29. Qf4 Nc6 30. Bb2 Qd7 31. Be2 Bb7 32. c5 h5 33. cxb6 axb6 34. Bb5
Kh7 35. Rc3 Rc8 36. Qa4 e5 37. Rdc1 Re6 38. Rxc6 Bxc6 39. Rxc6 Rxd6 40. Rxc8
Qxc8 41. Bxe5 1-0

[Event "Women World Team Championship 2015"]
[Site "Chengdu CHN"]
[Date "2015.04.28"]
[Round "9"]
[White "Gunina, Valentina"]
[Black "Abrahamyan, Tatev"]
[Result "1-0"]
[WhiteElo "2528"]
[BlackElo "2322"]
[PlyCount "65"]
[EventDate "2015.04.19"]
[WhiteTeam "RUSSIA"]
[BlackTeam "UNITED STATES OF AMERICA"]

1. d4 Nf6 2. c4 e6 3. Nf3 c5 4. d5 b5 5. Bg5 b4 6. e4 d6 7. a3 h6 8. Bxf6 Qxf6
9. axb4 Qxb2 10. Na3 Qxb4+ 11. Nd2 Qb6 12. e5 Be7 13. Be2 Na6 14. Bf3 Rb8 15.
Ne4 dxe5 16. d6 Bd8 17. O-O O-O 18. Nc3 e4 19. Nxe4 Bb7 20. Nb5 f5 21. Nec3
Bxf3 22. Qxf3 Bf6 23. Rab1 Bxc3 24. Qxc3 Nb4 25. Qe5 Rfe8 26. Rfd1 Nc6 27. Qe1
Rf8 28. Nc7 Nb4 29. Qxe6+ Kh8 30. Nd5 Qa5 31. d7 Nxd5 32. Rxb8 Rxb8 33. Qe8+
1-0

[Event "Women World Team Championship 2015"]
[Site "Chengdu CHN"]
[Date "2015.04.28"]
[Round "9"]
[White "Moaataz, Ayah"]
[Black "Muzychuk, Anna"]
[Result "0-1"]
[WhiteElo "2022"]
[BlackElo "2552"]
[PlyCount "96"]
[EventDate "2015.04.19"]
[WhiteTeam "EGYPT"]
[BlackTeam "UKRAINE"]

1. c4 f5 2. g3 Nf6 3. Bg2 g6 4. Nc3 Bg7 5. d4 O-O 6. Nf3 d6 7. O-O c6 8. d5 e5
9. dxe6 Bxe6 10. Bf4 Bxc4 11. Bxd6 Re8 12. Be5 Qxd1 13. Rfxd1 Nbd7 14. Bxf6
Nxf6 15. e3 Nd5 16. Nxd5 Bxd5 17. Rd2 Bf6 18. Nd4 Rad8 19. Bxd5+ Rxd5 20. Rad1
Red8 21. b3 Kf7 22. Kf1 c5 23. Nf3 Ke6 24. Ke2 b5 25. Rc1 g5 26. Rxd5 Kxd5 27.
Rd1+ Ke6 28. Rc1 Rc8 29. Kd3 Kd5 30. Nd2 g4 31. f3 gxf3 32. Nxf3 c4+ 33. bxc4+
Rxc4 34. Rb1 Rc3+ 35. Kd2 Kc4 36. Ne1 Ra3 37. Rc1+ Bc3+ 38. Rxc3+ Rxc3 39. Nc2
b4 40. h3 h5 41. e4 Rd3+ 42. Ke2 fxe4 43. Ne3+ Kc3 44. g4 hxg4 45. hxg4 Rd2+
46. Kf1 Rxa2 47. g5 Ra5 48. g6 Rg5 0-1

[Event "Women World Team Championship 2015"]
[Site "Chengdu CHN"]
[Date "2015.04.28"]
[Round "9"]
[White "Muzychuk, Mariya"]
[Black "Wafa, Shahenda"]
[Result "1-0"]
[WhiteElo "2526"]
[BlackElo "2123"]
[PlyCount "81"]
[EventDate "2015.04.19"]
[WhiteTeam "UKRAINE"]
[BlackTeam "EGYPT"]

1. e4 c5 2. Nc3 Nc6 3. Bb5 Nd4 4. Nf3 g6 5. Nxd4 cxd4 6. Ne2 Bg7 7. c3 a6 8.
Ba4 b5 9. Bb3 Bb7 10. d3 dxc3 11. Nxc3 d6 12. a4 b4 13. Nd5 a5 14. Be3 Bxd5 15.
Bxd5 Rc8 16. Qd2 Nf6 17. Bb7 Rb8 18. Bc6+ Nd7 19. O-O O-O 20. d4 Nb6 21. b3 Rc8
22. Rac1 Qc7 23. Qd3 Qa7 24. Rc2 e6 25. Rfc1 d5 26. exd5 exd5 27. Rc5 Rfd8 28.
Bg5 Rf8 29. Bb5 f6 30. Bf4 Qe7 31. Ba6 Rce8 32. Rxa5 f5 33. Rb5 Bxd4 34. a5 Nc8
35. Rxd5 Bc3 36. Rd7 Qe1+ 37. Rxe1 Rxe1+ 38. Qf1 Rxf1+ 39. Kxf1 Re8 40. g3 Ne7
41. Bb7 1-0

[Event "Nakhchivan Open 2015"]
[Site "Nakhchivan AZE"]
[Date "2015.05.02"]
[Round "1"]
[White "Hou, Yifan"]
[Black "Aghayev, Nijat"]
[Result "1-0"]
[WhiteElo "2686"]
[BlackElo "2393"]
[PlyCount "79"]
[EventDate "2015.05.02"]

1. e4 e5 2. Nc3 Nc6 3. g3 Bc5 4. Bg2 a5 5. Nge2 d6 6. Nb5 Nf6 7. c3 Na7 8. Nxa7
Bxa7 9. d4 O-O 10. O-O c6 11. h3 Re8 12. Bg5 h6 13. Bxf6 Qxf6 14. Kh2 Qg6 15.
f4 exd4 16. f5 Qf6 17. cxd4 b5 18. Qd3 b4 19. Rac1 Bb7 20. Rfd1 Bb6 21. Nf4 Ba6
22. Qd2 Rac8 23. h4 g6 24. d5 c5 25. fxg6 fxg6 26. Ne6 Kh7 27. Rc2 Re7 28. Qe3
Rb8 29. Rf2 Qe5 30. Nf8+ Kg7 31. Ne6+ Kh7 32. Rf4 Rbb7 33. h5 Rg7 34. hxg6+
Rxg6 35. Nf8+ Kg7 36. Nxg6 Kxg6 37. Rf5 Qe8 38. Qf4 Qe7 39. e5 dxe5 40. Rxe5
1-0

[Event "Nakhchivan Open 2015"]
[Site "Nakhchivan AZE"]
[Date "2015.05.03"]
[Round "2"]
[White "Rasulov, Vugar"]
[Black "Hou, Yifan"]
[Result "1/2-1/2"]
[WhiteElo "2508"]
[BlackElo "2686"]
[PlyCount "102"]
[EventDate "2015.05.02"]

1. e4 c5 2. Nf3 Nc6 3. d4 cxd4 4. Nxd4 g6 5. c4 Nf6 6. Nc3 d6 7. Be2 Bg7 8. Be3
O-O 9. O-O Nxd4 10. Bxd4 Bd7 11. Qd2 Bc6 12. f3 a5 13. b3 Nd7 14. Be3 Nc5 15.
Rab1 Qb6 16. Rfc1 Qb4 17. Rc2 Rfc8 18. Qc1 Qb6 19. Qd2 h5 20. Bf1 Qd8 21. Ne2
a4 22. b4 Nxe4 23. fxe4 Bxe4 24. Rbc1 Bxc2 25. Rxc2 d5 26. Nd4 dxc4 27. Bxc4
Bxd4 28. Bxd4 e5 29. Bc5 Qxd2 30. Rxd2 b6 31. Rd7 bxc5 32. b5 Rd8 33. Rxf7 Kh8
34. b6 Rab8 35. b7 e4 36. Rc7 Rf8 37. h4 e3 38. Be2 Rbe8 39. a3 Kg8 40. Bc4+
Kh8 41. Be2 c4 42. Bxc4 e2 43. Bxe2 Rxe2 44. Rc8 Ree8 45. b8=Q Rxc8 46. Qe5+
Kh7 47. Qe7+ Kh6 48. Qe3+ Kh7 49. Qa7+ Kh6 50. Qxa4 Ra8 51. Qb4 Rf7 1/2-1/2

[Event "Nakhchivan Open 2015"]
[Site "Nakhchivan AZE"]
[Date "2015.05.04"]
[Round "3"]
[White "Hou, Yifan"]
[Black "Mammadov, Zaur"]
[Result "0-1"]
[WhiteElo "2686"]
[BlackElo "2470"]
[PlyCount "114"]
[EventDate "2015.05.02"]

1. c4 e6 2. Nf3 d5 3. g3 Nf6 4. Bg2 Be7 5. b3 O-O 6. O-O c5 7. Bb2 Nc6 8. e3 b6
9. Nc3 dxc4 10. bxc4 Bb7 11. Qe2 Qc8 12. Rfd1 Rd8 13. Rac1 Bf8 14. Ba1 Qd7 15.
d3 Qe7 16. h3 Rd7 17. g4 h6 18. Ne1 g6 19. f4 Bg7 20. Nf3 Ne8 21. Kh1 Rad8 22.
Rd2 Kh7 23. Rcd1 Qf8 24. Ne4 Bxa1 25. Rxa1 Qg7 26. Rad1 Nd6 27. g5 hxg5 28.
Nfxg5+ Kg8 29. Qf2 Nf5 30. Nf3 e5 31. Nh2 exf4 32. Qxf4 Ne5 33. Ng4 Nxg4 34.
hxg4 Bxe4 35. Bxe4 Nd6 36. Bd5 Nb5 37. Bc6 Nc3 38. Bxd7 Nxd1 39. Bc6 Qa1 40.
Kh2 Qc3 41. Rg2 Kg7 42. Re2 Qxd3 43. Bf3 Qd6 44. Kg3 g5 45. Qxd6 Rxd6 46. Re1
Nc3 47. a3 Rd3 48. Bc6 Rd1 49. Rxd1 Nxd1 50. Kf3 Nc3 51. e4 Kf6 52. Ke3 Ke5 53.
Bd5 f6 54. Kd3 Nd1 55. Ke2 Nb2 56. Ke3 a5 57. Bf7 Nd1+ 0-1

[Event "Nakhchivan Open 2015"]
[Site "Nakhchivan AZE"]
[Date "2015.05.06"]
[Round "5"]
[White "Hou, Yifan"]
[Black "Mammadov, Ayaz"]
[Result "0-1"]
[WhiteElo "2686"]
[BlackElo "2407"]
[PlyCount "106"]
[EventDate "2015.05.02"]

1. e4 e5 2. Nf3 Nc6 3. Bb5 a6 4. Ba4 Nge7 5. c3 g6 6. d4 exd4 7. cxd4 b5 8. Bb3
Bg7 9. a4 Na5 10. axb5 Nxb3 11. Qxb3 Rb8 12. Nc3 O-O 13. O-O axb5 14. h3 d6 15.
Bg5 h6 16. Bxe7 Qxe7 17. Nd5 Qd8 18. Rfc1 Bb7 19. Nxc7 Qe7 20. Na6 Ra8 21. Qxb5
Bxe4 22. Qe2 Qb7 23. b4 Bc6 24. Ra5 Qb6 25. Nd2 Bb7 26. Nc4 Qxd4 27. Rd1 Qc3
28. Ra3 Qf6 29. Nxd6 Bxa6 30. Rxa6 Rxa6 31. Qxa6 Rd8 32. Kh2 Bf8 33. Ne4 Qxa6
34. Rxd8 Kg7 35. Nc5 Bxc5 36. bxc5 Qc6 37. Rd3 Qxc5 38. Re3 Qd6+ 39. g3 Qd5 40.
h4 Kf6 41. Kg1 Kf5 42. Kh2 f6 43. Ra3 Qc6 44. Rb3 Qc5 45. Rf3+ Ke5 46. Kg1 Qc1+
47. Kh2 Qf1 48. h5 gxh5 49. Rf4 f5 50. Rf3 Kf6 51. Rf4 Kg5 52. f3 Qf2+ 53. Kh3
Qg1 0-1

[Event "Nakhchivan Open 2015"]
[Site "Nakhchivan AZE"]
[Date "2015.05.07"]
[Round "6"]
[White "Koksal, Ege"]
[Black "Hou, Yifan"]
[Result "0-1"]
[WhiteElo "2339"]
[BlackElo "2686"]
[PlyCount "78"]
[EventDate "2015.05.02"]

1. d4 Nf6 2. Nf3 b6 3. g3 Bb7 4. Bg2 g6 5. O-O Bg7 6. c4 O-O 7. Nc3 Ne4 8. Qc2
Nxc3 9. Qxc3 Be4 10. Rd1 d5 11. Bf4 c5 12. Be5 f6 13. Bxb8 Rxb8 14. cxd5 f5 15.
Ne5 Qxd5 16. Bxe4 fxe4 17. Qb3 Qxb3 18. axb3 Rb7 19. Nc6 Rc7 20. Nxa7 cxd4 21.
Nb5 Rc2 22. Nxd4 Bxd4 23. Rxd4 Rxe2 24. Rf1 Rc8 25. Rc4 Rd8 26. Rc7 e3 27. fxe3
Rdd2 28. Rf3 Rg2+ 29. Kf1 Rxh2 30. Kg1 Rdg2+ 31. Kf1 Rxb2 32. Kg1 Rhg2+ 33. Kf1
Rgd2 34. Kg1 Rd1+ 35. Rf1 Rxf1+ 36. Kxf1 Kf7 37. Rc3 h5 38. Ke1 e6 39. Kd1 Kf6
0-1

[Event "Nakhchivan Open 2015"]
[Site "Nakhchivan AZE"]
[Date "2015.05.08"]
[Round "7"]
[White "Hou, Yifan"]
[Black "Sanal, Vahap"]
[Result "1-0"]
[WhiteElo "2686"]
[BlackElo "2487"]
[PlyCount "93"]
[EventDate "2015.05.02"]

1. d4 Nf6 2. c4 e6 3. Nf3 b6 4. Nc3 Bb7 5. e3 Be7 6. Bd3 d5 7. cxd5 Nxd5 8. O-O
O-O 9. Nxd5 Bxd5 10. Qc2 h6 11. e4 Bb7 12. Rd1 Nd7 13. Bf4 c5 14. d5 exd5 15.
exd5 Bf6 16. Rd2 Re8 17. Rad1 Rc8 18. Bb5 Ra8 19. Qa4 a6 20. Bxd7 b5 21. Bxb5
axb5 22. Qxb5 Ba6 23. Qxc5 Be2 24. Ra1 Rc8 25. Qa3 Rc4 26. Be3 Bxf3 27. gxf3
Be5 28. f4 Bxf4 29. Bxf4 Rxf4 30. Kh1 Qg5 31. Rad1 Qh5 32. Rg1 Rg4 33. Rg3 Qg5
34. Rd1 h5 35. Qf3 Qe5 36. b3 Rf4 37. Qg2 Qb2 38. Rg1 Rg4 39. Rxg4 hxg4 40.
Qxg4 g6 41. Qf3 Qxa2 42. d6 Qd2 43. Rd1 Re1+ 44. Rxe1 Qxe1+ 45. Kg2 Qd2 46. Qc6
Qg5+ 47. Kf1 1-0